[Event "St Petersburg Korchnoi Memorial op"]
[Site "St Petersburg"]
[Date "2019.08.18"]
[Round "5"]
[White "Pronin, Vladimir"]
[Black "Gurjevskoy, Denis"]
[Result "0-1"]
[WhiteElo "1930"]
[BlackElo "2170"]
[PlyCount "70"]
[EventDate "2019.08.14"]
[EventType "swiss"]
[EventRounds "9"]
[EventCountry "RUS"]
[SourceTitle "CBM 192"]
[Source "ChessBase"]
[SourceDate "2019.10.31"]
[SourceVersion "1"]
[SourceVersionDate "2019.10.31"]
[SourceQuality "1"]

1. e4 e6 2. Qe2 Nc6 3. Nf3 e5 4. g3 Bc5 5. Bg2 d6 6. 0-0 Bg4 7. c3 Qd7 8. d3 h5 9. h4 f6 10. Be3 g5 11. b4 Bxe3 12. Qxe3 gxh4 13. Nxh4 Nge7 14. Nd2 Nd8 15. f4 Ne6 16. a4 Rg8 17. Kh2 c6 18. d4 exf4 19. gxf4 0-0-0 20. d5 cxd5 21. exd5 Nc7 22. Qxa7 Nf5 23. Nc4 Na8 24. Qxa8+ Kc7 25. Qa5+ Kb8 26. Nxf5 Bxf5 27. Rf2 Qg7 28. Qb6 Qg3+ 29. Kh1 Bh3 30. Raa2 Rde8 31. Qxd6+ Ka8 32. Ne5 fxe5 33. f5 Rg4 34. Qh6 Bxg2+ 35. Rxg2 Qe1+ 0-1

[Event "St Petersburg Korchnoi Memorial op"]
[Site "St Petersburg"]
[Date "2018.08.21"]
[Round "7"]
[White "Gurjevskoy, Denis"]
[Black "Stefansson, Hannes"]
[Result "0-1"]
[WhiteElo "2174"]
[BlackElo "2511"]
[PlyCount "62"]
[EventDate "2018.08.15"]
[EventType "swiss"]
[EventRounds "9"]
[EventCountry "RUS"]
[SourceTitle "CBM 186 Extra"]
[Source "ChessBase"]
[SourceDate "2018.08.24"]
[SourceVersion "1"]
[SourceVersionDate "2018.08.24"]
[SourceQuality "1"]

1. e4 e5 2. Nf3 Nc6 3. d4 exd4 4. Nxd4 Nf6 5. Nxc6 bxc6 6. e5 Qe7 7. Qe2 Nd5 8. c4 Ba6 9. g3 0-0-0 10. b3 f6 11. Bb2 fxe5 12. Qxe5 Qxe5+ 13. Bxe5 Re8 14. f4 Ne3 15. Kd2 Ng4 16. Bd4 c5 17. Bh3 h5 18. Bxg4 hxg4 19. Bf2 Bb7 20. Re1 Rxe1 21. Kxe1 g5 22. Nd2 gxf4 23. gxf4 Rxh2 24. Nf1 Rh1 25. Kd2 Bg2 26. Ke2 Bf3+ 27. Kd2 Bh6 28. Bg3 Rg1 29. Ke3 Bg7 30. Re1 Bc3 31. Rb1 Bg2 0-1

[Event "St Petersburg Korchnoi Memorial op"]
[Site "St Petersburg"]
[Date "2018.08.18"]
[Round "4"]
[White "Gurjevskoy, Denis"]
[Black "Pourramezanali, Amirreza"]
[Result "0-1"]
[WhiteElo "2174"]
[BlackElo "2535"]
[PlyCount "58"]
[EventDate "2018.08.15"]
[EventType "swiss"]
[EventRounds "9"]
[EventCountry "RUS"]
[SourceTitle "CBM 186 Extra"]
[Source "ChessBase"]
[SourceDate "2018.08.24"]
[SourceVersion "1"]
[SourceVersionDate "2018.08.24"]
[SourceQuality "1"]

1. e4 c6 2. c4 d5 3. exd5 cxd5 4. cxd5 Nf6 5. Qa4+ Nbd7 6. Bc4 g6 7. Nc3 Bg7 8. Nf3 0-0 9. d3 a6 10. Qa3 b6 11. 0-0 Bb7 12. Re1 Re8 13. Nd4 b5 14. Nc6 Qc7 15. Nxe7+ Rxe7 16. Rxe7 bxc4 17. Bg5 cxd3 18. Rc1 Ng4 19. d6 Qb6 20. Nd1 Qd4 21. Qb3 Bd5 22. Qc3 Qxc3 23. bxc3 Be6 24. Rb1 Bf8 25. Rxd7 Bxd7 26. Rb7 Re8 27. Kf1 Bxd6 28. Rxd7 Nxh2+ 29. Kg1 Re1# 0-1

[Event "St Petersburg-ch 91st"]
[Site "St Petersburg"]
[Date "2018.04.07"]
[Round "5"]
[White "Gurjevskoy, Denis"]
[Black "Usmanov, Vasily"]
[Result "0-1"]
[WhiteElo "2175"]
[BlackElo "2464"]
[PlyCount "92"]
[EventDate "2018.04.03"]
[EventType "tourn"]
[EventRounds "11"]
[EventCountry "RUS"]
[EventCategory "7"]
[SourceTitle "CBM 183 Extra"]
[Source "ChessBase"]
[SourceDate "2018.04.19"]
[SourceVersion "1"]
[SourceVersionDate "2018.04.19"]
[SourceQuality "1"]

1. e4 c6 2. c4 d5 3. cxd5 cxd5 4. exd5 Nf6 5. Qa4+ Nbd7 6. Nc3 g6 7. Nf3 Bg7 8. Ne5 0-0 9. Nxd7 Nxd7 10. Be2 a6 11. Qd1 b5 12. d4 Bb7 13. Bf3 Nb6 14. Be3 Nxd5 15. Qb3 Nxe3 16. Bxb7 Nc4 17. Bxa8 Qxa8 18. d5 Qb8 19. 0-0 Nd2 20. Qb4 Nxf1 21. Rxf1 Qd6 22. Qa5 Bd4 23. Kh1 Ra8 24. a3 Rc8 25. a4 b4 26. Ne4 Qb6 27. Qxb6 Bxb6 28. g4 Rc2 29. g5 b3 30. d6 exd6 31. Nf6+ Kg7 32. Re1 Bd8 33. Ne8+ Kf8 34. h4 Be7 35. Nf6 Bxf6 36. gxf6 Rxf2 37. Re3 Rxf6 38. Rxb3 Rf4 39. Rb6 Rxh4+ 40. Kg1 Rxa4 41. b4 Ke7 42. b5 axb5 43. Kf1 Rb4 44. Kg1 Rb2 45. Kf1 Kd7 46. Kg1 Kc7 0-1

[Event "St Petersburg-ch 91st"]
[Site "St Petersburg"]
[Date "2018.04.06"]
[Round "4"]
[White "Levin, Evgeny A"]
[Black "Gurjevskoy, Denis"]
[Result "1-0"]
[WhiteElo "2543"]
[BlackElo "2175"]
[PlyCount "107"]
[EventDate "2018.04.03"]
[EventType "tourn"]
[EventRounds "11"]
[EventCountry "RUS"]
[EventCategory "7"]
[SourceTitle "CBM 183 Extra"]
[Source "ChessBase"]
[SourceDate "2018.04.19"]
[SourceVersion "1"]
[SourceVersionDate "2018.04.19"]
[SourceQuality "1"]

1. d4 d6 2. e4 e5 3. Nf3 exd4 4. Nxd4 Nf6 5. Nc3 Be7 6. Be2 0-0 7. 0-0 Re8 8. f4 Bf8 9. Bf3 c5 10. Nb3 a6 11. Re1 Qc7 12. Be3 Bd7 13. Bf2 Bc6 14. a4 Nbd7 15. a5 Rad8 16. Qd3 Nb8 17. Nd2 Bd7 18. Bh4 Bc6 19. Bxf6 gxf6 20. Nc4 d5 21. Nxd5 Bxd5 22. exd5 Qxf4 23. Be4 h6 24. g3 Qg5 25. h4 Qg4 26. c3 Re5 27. Nxe5 fxe5 28. Qf3 Qxf3 29. Bxf3 Bd6 30. Rf1 f5 31. Bh5 e4 32. Kg2 f4 33. gxf4 Be7 34. Rae1 Rxd5 35. Rxe4 Nc6 36. Be8 Bxh4 37. Bxc6 bxc6 38. Re6 Rd2+ 39. Kh3 Bd8 40. Rxc6 Rxb2 41. Rd1 Bxa5 42. Rd7 Rb8 43. Rg6+ Kf8 44. Rxh6 Bxc3 45. Rxa6 Bb2 46. Rc7 Bd4 47. Kg4 Ke8 48. Rg6 Kf8 49. Kf5 Re8 50. Re6 Rd8 51. Kg6 Kg8 52. f5 c4 53. Rd7 Rxd7 54. Re8# 1-0

[Event "St Petersburg-ch 91st"]
[Site "St Petersburg"]
[Date "2018.04.05"]
[Round "3"]
[White "Lobanov, Sergei"]
[Black "Gurjevskoy, Denis"]
[Result "1-0"]
[WhiteElo "2482"]
[BlackElo "2175"]
[PlyCount "119"]
[EventDate "2018.04.03"]
[EventType "tourn"]
[EventRounds "11"]
[EventCountry "RUS"]
[EventCategory "7"]
[SourceTitle "CBM 183 Extra"]
[Source "ChessBase"]
[SourceDate "2018.04.19"]
[SourceVersion "1"]
[SourceVersionDate "2018.04.19"]
[SourceQuality "1"]

1. e4 e5 2. Nf3 Nc6 3. Bc4 Bc5 4. d3 Nf6 5. Nc3 d6 6. Bg5 h6 7. Bxf6 Qxf6 8. Nd5 Qd8 9. c3 Be6 10. b4 Bb6 11. a4 a6 12. Nxb6 cxb6 13. Qb3 Qf6 14. Nd2 0-0 15. 0-0 Bd7 16. Bd5 Qg5 17. Nc4 Bh3 18. Ne3 b5 19. axb5 axb5 20. Bxf7+ Kh7 21. Rxa8 Rxa8 22. Be6 Bxe6 23. Qxe6 Qe7 24. Qd5 Ra3 25. Qxb5 Na7 26. Qc4 b5 27. Qd5 Rxc3 28. Nf5 Qd7 29. Nxd6 Nc6 30. Nxb5 Rxd3 31. Qxd7 Rxd7 32. f3 Nxb4 33. Rb1 Nc2 34. h4 Kg6 35. Kh2 Ne3 36. Rb3 Nc2 37. Nc3 Rd3 38. Rb6+ Kf7 39. Nd5 Nd4 40. Rb7+ Kf8 41. Ne7 Kf7 42. Nf5+ Kf6 43. Nxg7 Rd2 44. Nh5+ Ke6 45. Kh3 Ne2 46. Rb6+ Ke7 47. Rxh6 Ng1+ 48. Kg3 Ne2+ 49. Kg4 Nd4 50. g3 Rf2 51. f4 Re2 52. fxe5 Rxe4+ 53. Nf4 Kf7 54. Rf6+ Kg7 55. Rd6 Kf7 56. h5 Kg7 57. Rg6+ Kf7 58. e6+ Ke7 59. h6 Re1 60. h7 1-0